000 00834nam a2200301Ia 4500
001 37988
003 IT-RoPAU
008 130308s9999 xx 000 0 und d
040 _aIT-RoPAU
040 _cIT-RoPAU
041 _aFRANCESE
100 _aBonitzer Pascal
100 _gCodice Aut. SPICS: 8993
245 _aDecadrages-Peinture et cinema
245 _bDecadrages-Peinture et Cinema
250 _a1a ed.
260 _aPARIS
260 _bL'Etoile
260 _c1985 [1° Ed.:1985 - Ed.Ling.Originale:1985]
300 _a"110 p. (prefazione: no ; testo: 110)"
500 _aSaggi Sul Cinema Cinema e Pittura Influenza Reciproca Gertrud di Dreyer L'Eclisse di Antonioni
650 _aSAGGI SUL CINEMA
650 _eCodice materia Spics: 6811
942 _cBK
957 _71
999 _c72486
_d72486
999 _bSI
999 _g1